[Event "POL-chT 1st League"]
[Site "Ustron"]
[Date "2009.09.16"]
[Round "5"]
[White "Lewandowski, Miroslaw"]
[Black "Dobrowolski, Piotr"]
[Result "0-1"]
[WhiteElo "2108"]
[BlackElo "2389"]
[PlyCount "56"]
[EventDate "2009.09.12"]
[EventType "team-swiss"]
[EventRounds "9"]
[EventCountry "POL"]
[SourceTitle "CBM 132 Extra"]
[Source "ChessBase"]
[SourceDate "2009.11.03"]
[SourceVersion "1"]
[SourceVersionDate "2009.11.03"]
[SourceQuality "1"]
[WhiteTeam "Gdynia Korsarz"]
[BlackTeam "Wroclaw AZS WSB"]
[WhiteTeamCountry "POL"]
[BlackTeamCountry "POL"]

1. e4 c5 2. Nf3 d6 3. d4 cxd4 4. Nxd4 Nf6 5. Nc3 Nc6 6. Bg5 e6 7. Qd2 a6 8. a4 Be7 9. Nxc6 bxc6 10. Be2 Rb8 11. Ra2 0-0 12. 0-0 d5 13. e5 Nd7 14. Bxe7 Qxe7 15. f4 a5 16. Rf3 Rb4 17. Nd1 Nc5 18. b3 f6 19. Rh3 fxe5 20. fxe5 Qa7 21. Kh1 Ba6 22. Bf3 Ne4 23. Qe1 h6 24. Rb2 Qb8 25. Rh4 Ng5 26. Rxb4 axb4 27. Qg3 Nxf3 28. gxf3 Be2 0-1

[Event "POL-chT 1st League"]
[Site "Ustron"]
[Date "2009.09.13"]
[Round "2"]
[White "Dudzinski, Pawel"]
[Black "Lewandowski, Miroslaw"]
[Result "1-0"]
[WhiteElo "2269"]
[BlackElo "2108"]
[PlyCount "123"]
[EventDate "2009.09.12"]
[EventType "team-swiss"]
[EventRounds "9"]
[EventCountry "POL"]
[SourceTitle "CBM 132 Extra"]
[Source "ChessBase"]
[SourceDate "2009.11.03"]
[SourceVersion "1"]
[SourceVersionDate "2009.11.03"]
[SourceQuality "1"]
[WhiteTeam "Ostrow Wielkopolski"]
[BlackTeam "Gdynia Korsarz"]
[WhiteTeamCountry "POL"]
[BlackTeamCountry "POL"]

1. e4 c5 2. Nc3 g6 3. f4 Nc6 4. Nf3 Bg7 5. h3 Nf6 6. g4 d5 7. e5 Ne4 8. Bg2 Ng3 9. Rg1 h5 10. g5 h4 11. Ne2 Qb6 12. d3 Bf5 13. Be3 f6 14. gxf6 exf6 15. Nxh4 Nxe2 16. Nxf5 Nxg1 17. Nxg7+ Kf7 18. Qg4 Ne7 19. Qd7 Qc6 20. e6+ Kf8 21. Bxg1 Qxd7 22. exd7 Kxg7 23. Bxc5 Nc6 24. Bxd5 Rxh3 25. 0-0-0 Rh5 26. Bxc6 Rxc5 27. Re1 Rxc6 28. Re8 Rd6 29. Rxa8 Rxd7 30. Kd2 a6 31. Re8 Kf7 32. Re4 Rd5 33. a4 Ra5 34. Rb4 b5 35. axb5 axb5 36. Ke3 Ke6 37. Ke4 Kd6 38. Rb3 Ra4+ 39. Ke3 b4 40. Kd4 Ke6 41. Ke4 Kd6 42. d4 Kc6 43. Rg3 Ra2 44. Rxg6 Rxb2 45. Rxf6+ Kd7 46. Kd3 b3 47. cxb3 Rxb3+ 48. Ke4 Rb1 49. Ra6 Ke7 50. Ke5 Re1+ 51. Kf5 Rd1 52. Ra7+ Kd6 53. Kg6 Rxd4 54. f5 Rg4+ 55. Kf7 Rh4 56. Ra1 Rf4 57. f6 Rh4 58. Rd1+ Ke5 59. Ke7 Rh6 60. f7 Re6+ 61. Kd7 Rf6 62. Re1+ 1-0

[Event "Gdansk op"]
[Site "Gdansk"]
[Date "2009.07.26"]
[Round "9"]
[White "Lewandowski, Miroslaw"]
[Black "Kanarkiewicz, Michal"]
[Result "0-1"]
[WhiteElo "2130"]
[BlackElo "1804"]
[PlyCount "96"]
[EventDate "2009.07.19"]
[EventType "swiss"]
[EventRounds "9"]
[EventCountry "POL"]
[SourceTitle "CBM 131 Extra"]
[Source "ChessBase"]
[SourceDate "2009.09.03"]
[SourceVersion "2"]
[SourceVersionDate "2009.09.16"]
[SourceQuality "1"]

1. e4 c5 2. b4 b6 3. bxc5 bxc5 4. Nf3 d6 5. Bc4 e6 6. Qe2 Nc6 7. 0-0 Nf6 8. c3 Be7 9. e5 dxe5 10. Nxe5 Nxe5 11. Qxe5 0-0 12. d3 Bd6 13. Qe2 Qc7 14. f4 Bb7 15. Na3 a6 16. Bd2 Nd5 17. Rab1 Bc6 18. Bb3 Nxf4 19. Bxf4 Bxf4 20. Rxf4 Qxf4 21. Rf1 Qc7 22. Nc2 Rad8 23. Ne1 Bd5 24. Bc2 c4 25. d4 Rb8 26. Nf3 Bxf3 27. Qxf3 Rb2 28. Rf2 Rfb8 29. g4 Qb7 30. Qe2 g6 31. Qe3 Rxc2 32. Rxc2 Qb1+ 33. Rc1 Qxa2 34. Rf1 Rb1 35. Qf4 Rxf1+ 36. Qxf1 Qb3 37. Qf3 Qb5 38. Kf2 a5 39. Qa8+ Kg7 40. Kg3 a4 41. h4 h6 42. Kf4 g5+ 43. Kg3 gxh4+ 44. Kh3 Qb2 45. Qa5 Qf2 46. Qe5+ f6 47. Qc7+ Kg6 48. Qb8 Qg3+ 0-1

[Event "Gdansk op"]
[Site "Gdansk"]
[Date "2009.07.20"]
[Round "2"]
[White "Lewandowski, Miroslaw"]
[Black "Bronowicki, Mateusz"]
[Result "0-1"]
[WhiteElo "2130"]
[BlackElo "2370"]
[PlyCount "46"]
[EventDate "2009.07.19"]
[EventType "swiss"]
[EventRounds "9"]
[EventCountry "POL"]
[SourceTitle "CBM 131 Extra"]
[Source "ChessBase"]
[SourceDate "2009.09.03"]
[SourceVersion "2"]
[SourceVersionDate "2009.09.16"]
[SourceQuality "1"]

1. e4 e6 2. d4 d5 3. Nc3 Bb4 4. e5 Qd7 5. Bd3 b6 6. Qe2 c5 7. Bb5 Nc6 8. a3 Bxc3+ 9. bxc3 a6 10. Bxc6 Qxc6 11. dxc5 a5 12. Be3 Ne7 13. Qg4 Ba6 14. Ne2 bxc5 15. 0-0 h5 16. Qf3 d4 17. Nxd4 cxd4 18. cxd4 Qxf3 19. gxf3 Bxf1 20. Kxf1 Kd7 21. Ke2 Rhc8 22. Kd3 Rab8 23. Bd2 a4 0-1

[Event "POL-chT 2nd League"]
[Site "Ustron"]
[Date "2008.09.14"]
[Round "9.5"]
[White "Lewandowski, Miroslaw"]
[Black "Migala, Andrzej"]
[Result "1/2-1/2"]
[WhiteElo "2130"]
[BlackElo "2091"]
[PlyCount "105"]
[EventDate "2008.09.06"]
[EventType "team-swiss"]
[EventRounds "9"]
[EventCountry "POL"]
[SourceTitle "EXT 2015"]
[Source "ChessBase"]
[SourceDate "2014.11.20"]
[SourceVersion "1"]
[SourceVersionDate "2014.11.20"]
[SourceQuality "1"]
[WhiteTeam "Gdynia Korsarz"]
[BlackTeam "Ostroda Ostrodzianka"]
[WhiteTeamCountry "POL"]
[BlackTeamCountry "POL"]

1. e4 c5 2. Nf3 d6 3. d4 cxd4 4. Nxd4 Nf6 5. Nc3 a6 6. a4 e5 7. Nb3 b6 8. Bg5 Nbd7 9. Bd3 Be7 10. 0-0 Bb7 11. Qe2 0-0 12. Rad1 Qc7 13. Kh1 Rfe8 14. Nd2 Nc5 15. Bc4 Ne6 16. Bxf6 Bxf6 17. Nd5 Bxd5 18. exd5 Nd4 19. Qe4 g6 20. c3 Nf5 21. Qe2 Qb7 22. Ne4 Be7 23. f4 exf4 24. Rxf4 Nh6 25. Rf6 Kg7 26. Qf2 Nf5 27. Rxf5 gxf5 28. Qd4+ Kg8 29. Ng3 Bf8 30. Nxf5 Re5 31. Qg4+ Kh8 32. h3 Rae8 33. Rd3 f6 34. Bxa6 Qf7 35. Bb5 Rd8 36. Qf3 Qg6 37. Nd4 Bh6 38. Rd1 Re3 39. Qf5 Rg8 40. Qxg6 hxg6 41. Rf1 f5 42. Ne6 Re5 43. Rd1 Kh7 44. Kg1 Rc8 45. Kf2 Kg8 46. Rd3 Kf7 47. Nd4 Rc7 48. Bc6 Rce7 49. Ne6 Bc1 50. b3 R7xe6 51. dxe6+ Kxe6 52. b4 Bb2 53. g4 1/2-1/2

[Event "POL-chT 2nd League"]
[Site "Ustron"]
[Date "2008.09.10"]
[Round "4.59"]
[White "Kulik, Wojciech"]
[Black "Lewandowski, Miroslaw"]
[Result "0-1"]
[WhiteElo "2046"]
[BlackElo "2130"]
[PlyCount "68"]
[EventDate "2008.09.06"]
[EventType "team-swiss"]
[EventRounds "9"]
[EventCountry "POL"]
[SourceTitle "EXT 2015"]
[Source "ChessBase"]
[SourceDate "2014.11.20"]
[SourceVersion "1"]
[SourceVersionDate "2014.11.20"]
[SourceQuality "1"]
[WhiteTeam "Milanowek UKS Jedwabnik"]
[BlackTeam "Gdynia Korsarz"]
[WhiteTeamCountry "POL"]
[BlackTeamCountry "POL"]

1. e4 c5 2. Nc3 g6 3. g3 Bg7 4. Bg2 Nc6 5. d3 Nf6 6. Be3 d6 7. h3 Qb6 8. Rb1 Nd4 9. Nge2 Be6 10. 0-0 a5 11. g4 Nxe2+ 12. Qxe2 0-0 13. f4 Bd7 14. e5 Ne8 15. Nd5 Qd8 16. f5 Bc6 17. exd6 exd6 18. Bf4 Bxd5 19. Bxd5 Qd7 20. fxg6 hxg6 21. Bg5 Nc7 22. Qf3 Nxd5 23. Qxd5 Rae8 24. Bf6 Bxf6 25. Rxf6 Re6 26. Rbf1 Kg7 27. Qf3 Qe7 28. g5 Re3 29. Qf4 Rxh3 30. Kg2 Rh5 31. Rf2 Qd7 32. Rxg6+ Kxg6 33. Qf6+ Kh7 34. Rf5 Rg8 0-1

[Event "Gdansk op"]
[Site "Gdansk"]
[Date "2008.07.19"]
[Round "1"]
[White "Lewandowski, Miroslaw"]
[Black "Ulanowski, Karol"]
[Result "1-0"]
[WhiteElo "2130"]
[BlackElo "1737"]
[PlyCount "59"]
[EventDate "2008.07.19"]
[EventType "swiss"]
[EventRounds "9"]
[EventCountry "POL"]
[SourceTitle "EXT 2009"]
[Source "ChessBase"]
[SourceDate "2008.11.26"]
[SourceVersion "1"]
[SourceVersionDate "2008.11.26"]
[SourceQuality "1"]

1. e4 c5 2. d4 cxd4 3. c3 dxc3 4. Nxc3 d6 5. Bc4 e6 6. Nf3 Nf6 7. Qe2 Be7 8. 0-0 0-0 9. Rd1 Nbd7 10. Bf4 e5 11. Bg5 Qb6 12. Rac1 Nc5 13. b4 Qxb4 14. Bxf6 Bxf6 15. Nd5 Qa3 16. Nxf6+ gxf6 17. Nh4 Kh8 18. Bd5 Rg8 19. g3 Bg4 20. f3 Bh5 21. Qd2 Bxf3 22. Rc3 Qxc3 23. Qxc3 Bxd1 24. Qc1 Bh5 25. Qf1 Kg7 26. Nf5+ Kf8 27. Nxd6 Ke7 28. Nf5+ Kf8 29. Qc1 Ne6 30. Qa3+ 1-0

[Event "Gdansk-ch"]
[Site "Gdansk"]
[Date "2007.07.29"]
[Round "9"]
[White "Rutkowski, Maciej"]
[Black "Lewandowski, Miroslaw"]
[Result "1-0"]
[WhiteElo "2406"]
[BlackElo "2147"]
[PlyCount "81"]
[EventDate "2007.07.22"]
[EventType "swiss"]
[EventRounds "9"]
[EventCountry "POL"]
[SourceTitle "CBM 119 Extra"]
[Source "ChessBase"]
[SourceDate "2007.09.04"]
[SourceVersion "1"]
[SourceVersionDate "2007.09.04"]
[SourceQuality "1"]

1. e4 c5 2. Nf3 Nc6 3. Bb5 Nd4 4. Nxd4 cxd4 5. 0-0 g6 6. d3 Bg7 7. Bc4 d6 8. c3 dxc3 9. Nxc3 Nf6 10. Bb3 0-0 11. d4 Be6 12. Bxe6 fxe6 13. Qb3 Qd7 14. a3 h6 15. Be3 g5 16. Rac1 Rac8 17. d5 e5 18. f3 b6 19. Qb5 Qb7 20. Na4 Nd7 21. Rxc8 Rxc8 22. Rc1 Rxc1+ 23. Bxc1 Nf6 24. Be3 Kf7 25. Nc3 Bf8 26. Qc4 Qb8 27. a4 Kg6 28. Nb5 Ne8 29. Qc6 Kf7 30. Qd7 a6 31. Na7 Nf6 32. Qe6+ Ke8 33. Nc6 Qc7 34. Qf5 Kf7 35. Qe6+ Ke8 36. b4 Qb7 37. h4 gxh4 38. Qh3 Bg7 39. Qf5 Bf8 40. Qg6+ Kd7 41. Qf7 1-0

[Event "Gdansk-ch"]
[Site "Gdansk"]
[Date "2007.07.24"]
[Round "4"]
[White "Kobus, Sebastian"]
[Black "Lewandowski, Miroslaw"]
[Result "1-0"]
[WhiteElo "1706"]
[BlackElo "2147"]
[PlyCount "71"]
[EventDate "2007.07.22"]
[EventType "swiss"]
[EventRounds "9"]
[EventCountry "POL"]
[SourceTitle "CBM 119 Extra"]
[Source "ChessBase"]
[SourceDate "2007.09.04"]
[SourceVersion "1"]
[SourceVersionDate "2007.09.04"]
[SourceQuality "1"]

1. e4 c5 2. Nf3 Nc6 3. d4 cxd4 4. Nxd4 e5 5. Nb5 d6 6. c4 Be7 7. Be2 Be6 8. 0-0 Nf6 9. Nd2 a6 10. Nc3 0-0 11. b3 Rc8 12. Bb2 Nd4 13. Nf3 Nxe2+ 14. Qxe2 Nh5 15. Bc1 Nf4 16. Bxf4 exf4 17. Qd2 Bf6 18. Rac1 g5 19. Rfd1 g4 20. Nd4 Be5 21. f3 Qh4 22. Qe2 h5 23. Nf5 Bxf5 24. exf5 b5 25. Ne4 bxc4 26. Rxc4 Rxc4 27. Qxc4 gxf3 28. gxf3 Kh8 29. Kh1 Qh3 30. Qe2 Rd8 31. Rg1 Qxf5 32. Rg5 Qh3 33. Nxd6 f6 34. Nf7+ Kh7 35. Qc2+ f5 36. Nxe5 1-0

[Event "Gdansk-ch"]
[Site "Gdansk"]
[Date "2007.07.22"]
[Round "1"]
[White "Lewandowski, Miroslaw"]
[Black "Kapica, Pawel"]
[Result "1-0"]
[WhiteElo "2147"]
[BlackElo "1765"]
[PlyCount "73"]
[EventDate "2007.07.22"]
[EventType "swiss"]
[EventRounds "9"]
[EventCountry "POL"]
[SourceTitle "CBM 119 Extra"]
[Source "ChessBase"]
[SourceDate "2007.09.04"]
[SourceVersion "1"]
[SourceVersionDate "2007.09.04"]
[SourceQuality "1"]

1. e4 c5 2. d4 cxd4 3. c3 Nf6 4. e5 Nd5 5. Nf3 d6 6. Bc4 Nb6 7. Bb3 e6 8. cxd4 Nc6 9. Bg5 Be7 10. Bxe7 Qxe7 11. 0-0 dxe5 12. dxe5 0-0 13. Qe2 Na5 14. Bc2 Nd5 15. Rd1 a6 16. Nbd2 b5 17. Ne4 Bb7 18. Nd6 Bc6 19. Rac1 Rad8 20. Qe1 Nb7 21. Bb1 Be8 22. Nc8 Qd7 23. Nb6 Qe7 24. Qe4 f5 25. exf6 Nxf6 26. Qe5 Rxd1+ 27. Rxd1 Bh5 28. Nd5 Nxd5 29. Qxh5 h6 30. Qg6 Qf6 31. Qh7+ Kf7 32. Re1 Nd8 33. Ne5+ Ke8 34. Qc2 Qe7 35. Qg6+ Nf7 36. Nxf7 Qxf7 37. Rxe6+ 1-0

[Event "POL-chT 2nd League"]
[Site "Lublin"]
[Date "2006.09.04"]
[Round "3.40"]
[White "Lewandowski, Miroslaw"]
[Black "Tokarski, Bartosz"]
[Result "1-0"]
[WhiteElo "2165"]
[BlackElo "2045"]
[PlyCount "111"]
[EventDate "2006.09.02"]
[EventType "team-swiss"]
[EventRounds "9"]
[EventCountry "POL"]
[SourceTitle "EXT 2019"]
[Source "ChessBase"]
[SourceDate "2018.10.10"]
[SourceVersion "1"]
[SourceVersionDate "2018.10.10"]
[SourceQuality "1"]
[WhiteTeam "Gdynia Korsarz"]
[BlackTeam "Torun Apator"]
[WhiteTeamCountry "POL"]
[BlackTeamCountry "POL"]

1. e4 g6 2. d4 Bg7 3. Nf3 d6 4. Nc3 a6 5. Be2 Nd7 6. 0-0 b5 7. a4 b4 8. Na2 Rb8 9. c3 bxc3 10. Nxc3 c5 11. d5 Ngf6 12. a5 0-0 13. h3 Qc7 14. Nd2 e6 15. Nc4 e5 16. f4 exf4 17. Bxf4 Ne8 18. Ra3 Ne5 19. Nb6 Bb7 20. Qd2 Nf6 21. Kh1 Nfd7 22. Nca4 Rbd8 23. Rc1 Nxb6 24. axb6 Qe7 25. b4 Nd7 26. bxc5 dxc5 27. Bf3 Rc8 28. Bc7 Bd4 29. Rd3 Ne5 30. Rxd4 cxd4 31. Bd1 Nd7 32. Qxd4 Qh4 33. Rc4 h6 34. Kh2 Rfe8 35. g3 Qe7 36. Bb3 Kh7 37. Qf2 Kg7 38. Rd4 Qa3 39. Ba2 Qe7 40. Kg1 Qg5 41. Bf4 Qf6 42. Bb3 Kg8 43. Bc7 Qg5 44. Qf4 Qxf4 45. gxf4 f6 46. d6+ Kg7 47. Bc2 g5 48. f5 Re5 49. Nc3 Rc5 50. Ba4 Nxb6 51. Bxb6 Rxc3 52. d7 Rc1+ 53. Kf2 Ra1 54. dxc8Q Bxc8 55. Bc6 Ra2+ 56. Ke3 1-0

[Event "POL-chT 2nd League"]
[Site "Lublin"]
[Date "2006.09.03"]
[Round "2.28"]
[White "Delega, Tomasz"]
[Black "Lewandowski, Miroslaw"]
[Result "1-0"]
[WhiteElo "2116"]
[BlackElo "2165"]
[PlyCount "117"]
[EventDate "2006.09.02"]
[EventType "team-swiss"]
[EventRounds "9"]
[EventCountry "POL"]
[SourceTitle "EXT 2019"]
[Source "ChessBase"]
[SourceDate "2018.10.10"]
[SourceVersion "1"]
[SourceVersionDate "2018.10.10"]
[SourceQuality "1"]
[WhiteTeam "Miedzyborow Wrzos"]
[BlackTeam "Gdynia Korsarz"]
[WhiteTeamCountry "POL"]
[BlackTeamCountry "POL"]

1. e4 c5 2. Nf3 Nc6 3. Nc3 g6 4. d4 cxd4 5. Nxd4 Bg7 6. Be3 Nf6 7. Bc4 0-0 8. Bb3 d6 9. f3 Bd7 10. Qd2 Rc8 11. 0-0-0 Na5 12. Bh6 Nc4 13. Bxc4 Rxc4 14. Bxg7 Kxg7 15. g4 Qa5 16. Kb1 Rfc8 17. Nd5 Qxd2 18. Rxd2 Nxd5 19. exd5 a5 20. Re1 Kf8 21. b3 R4c5 22. c4 b5 23. Nxb5 Bxb5 24. cxb5 Rxb5 25. Re3 a4 26. Kb2 Ra8 27. a3 Rc8 28. b4 Rcc5 29. Red3 h5 30. h3 Kg7 31. g5 f6 32. f4 Kf7 33. h4 Rc4 34. Rd4 Rc7 35. Rc2 Ra7 36. Re2 f5 37. Rc2 Rab7 38. Rc8 Rb8 39. Rxb8 Rxb8 40. Kc3 e5 41. dxe6+ Kxe6 42. Kc4 Rc8+ 43. Kb5 Ra8 44. Kc6 Rc8+ 45. Kb7 Rc3 46. b5 Rxa3 47. b6 d5 48. Ka7 Rb3 49. b7 a3 50. Ra4 a2 51. Rxa2 d4 52. Ra6+ Kd5 53. Rb6 Ra3+ 54. Ra6 Rb3 55. b8Q Rxb8 56. Kxb8 d3 57. Rxg6 d2 58. Rg8 Ke4 59. Rd8 1-0

[Event "POL-chT 2nd League"]
[Site "Lublin"]
[Date "2006.09.02"]
[Round "1.58"]
[White "Lewandowski, Miroslaw"]
[Black "Malczyk, Rafal"]
[Result "1-0"]
[WhiteElo "2165"]
[BlackElo "2054"]
[PlyCount "101"]
[EventDate "2006.09.02"]
[EventType "team-swiss"]
[EventRounds "9"]
[EventCountry "POL"]
[SourceTitle "EXT 2019"]
[Source "ChessBase"]
[SourceDate "2018.10.10"]
[SourceVersion "1"]
[SourceVersionDate "2018.10.10"]
[SourceQuality "1"]
[WhiteTeam "Gdynia Korsarz"]
[BlackTeam "Olsztyn AZS UWM"]
[WhiteTeamCountry "POL"]
[BlackTeamCountry "POL"]

1. e4 d6 2. d4 Nf6 3. Nc3 Nc6 4. Be2 e5 5. d5 Nd4 6. Be3 Nxe2 7. Ngxe2 g6 8. h3 Bg7 9. Qd2 0-0 10. 0-0 Nh5 11. g4 Nf6 12. Bg5 Qe8 13. Rae1 a6 14. f4 exf4 15. Qxf4 Nd7 16. Bh6 Qe5 17. Qd2 Bxh6 18. Qxh6 Qg7 19. Qh4 Ne5 20. g5 b5 21. Kg2 Nc4 22. Rf6 Nxb2 23. Nd4 Nc4 24. Nc6 Bd7 25. Nd4 Rae8 26. Qf4 Re7 27. Nd1 Rc8 28. Nf2 Ne5 29. h4 Qf8 30. Rh1 c5 31. Ne2 Ree8 32. h5 Qe7 33. Qh4 Rf8 34. Nf4 Be8 35. N4d3 Nxd3 36. Nxd3 c4 37. Nf2 Rc7 38. Qf4 Qe5 39. Qxe5 dxe5 40. Ng4 Bd7 41. Nxe5 Bc8 42. hxg6 fxg6 43. Rxf8+ Kxf8 44. d6 Rg7 45. Kf3 Ke8 46. Ke3 Rb7 47. Kd4 Be6 48. Kc5 b4 49. Kc6 Rb5 50. d7+ Kd8 51. Rxh7 1-0

[Event "POL-chT 2nd League"]
[Site "Polanica Zdroj"]
[Date "2004.09.08"]
[Round "6"]
[White "Walaszczyk, Witold"]
[Black "Lewandowski, Miroslaw"]
[Result "1-0"]
[WhiteElo "2254"]
[BlackElo "2232"]
[PlyCount "61"]
[EventDate "2004.09.04"]
[EventType "team-swiss"]
[EventRounds "11"]
[EventCountry "POL"]
[SourceTitle "CBM 102 Extra"]
[Source "ChessBase"]
[SourceDate "2004.11.03"]
[SourceVersion "1"]
[SourceVersionDate "2004.11.03"]
[SourceQuality "1"]
[WhiteTeam "Turek Tecza"]
[BlackTeam "Gdynia Korsarz"]
[WhiteTeamCountry "POL"]
[BlackTeamCountry "POL"]

1. d4 Nf6 2. Nf3 g6 3. g3 Bg7 4. Bg2 0-0 5. 0-0 c5 6. dxc5 Qa5 7. Nfd2 Qxc5 8. Nb3 Qc7 9. Nc3 a6 10. Be3 d6 11. Na4 Nbd7 12. Rc1 Rd8 13. c4 Nc5 14. Nbxc5 dxc5 15. Qb3 Nd7 16. Rfd1 Rb8 17. Nxc5 Nxc5 18. Rxd8+ Qxd8 19. Bxc5 Be6 20. Ba7 Ra8 21. Be3 b5 22. Rd1 Qe8 23. Bxa8 Qxa8 24. Qa3 h5 25. cxb5 a5 26. b6 Kh7 27. Qxe7 Qa6 28. Rd2 Qc4 29. Qc5 Qxa2 30. Kg2 h4 31. gxh4 1-0

[Event "POL-chT 2nd League"]
[Site "Polanica Zdroj"]
[Date "2004.09.07"]
[Round "5"]
[White "Lewandowski, Miroslaw"]
[Black "Zaskalski, Arkadiusz"]
[Result "0-1"]
[WhiteElo "2232"]
[BlackElo "2204"]
[PlyCount "52"]
[EventDate "2004.09.04"]
[EventType "team-swiss"]
[EventRounds "11"]
[EventCountry "POL"]
[SourceTitle "CBM 102 Extra"]
[Source "ChessBase"]
[SourceDate "2004.11.03"]
[SourceVersion "1"]
[SourceVersionDate "2004.11.03"]
[SourceQuality "1"]
[WhiteTeam "Gdynia Korsarz"]
[BlackTeam "Rolnik Roza"]
[WhiteTeamCountry "POL"]
[BlackTeamCountry "POL"]

1. e4 c5 2. Nf3 d6 3. d4 cxd4 4. Nxd4 Nf6 5. Nc3 g6 6. Be2 Bg7 7. Bg5 Nc6 8. 0-0 0-0 9. Nb3 Be6 10. f4 Na5 11. f5 Bc4 12. Kh1 Rc8 13. Bd3 a6 14. Qd2 Bxd3 15. cxd3 Nxb3 16. axb3 Qb6 17. Ra3 Qb4 18. fxg6 fxg6 19. Rf3 Ng4 20. Rxf8+ Rxf8 21. Ra1 Qa5 22. Re1 Bxc3 23. bxc3 Rf2 24. h3 Rxd2 25. Bxd2 Nf2+ 26. Kg1 Nxd3 0-1

[Event "POL-chT 2nd League"]
[Site "Polanica Zdroj"]
[Date "2004.09.06"]
[Round "3"]
[White "Lewandowski, Miroslaw"]
[Black "Wozniak, Maciej"]
[Result "0-1"]
[WhiteElo "2232"]
[BlackElo "2148"]
[PlyCount "58"]
[EventDate "2004.09.04"]
[EventType "team-swiss"]
[EventRounds "11"]
[EventCountry "POL"]
[SourceTitle "CBM 102 Extra"]
[Source "ChessBase"]
[SourceDate "2004.11.03"]
[SourceVersion "1"]
[SourceVersionDate "2004.11.03"]
[SourceQuality "1"]
[WhiteTeam "Gdynia Korsarz"]
[BlackTeam "Rzeszow Zelmer II"]
[WhiteTeamCountry "POL"]
[BlackTeamCountry "POL"]

1. e4 e5 2. Nf3 Nc6 3. Bb5 a6 4. Bxc6 dxc6 5. 0-0 Qd6 6. d4 exd4 7. Nxd4 Bd7 8. Be3 0-0-0 9. Qe2 Qg6 10. Nd2 Nh6 11. f3 f5 12. e5 Be7 13. Rad1 c5 14. N4b3 Bb5 15. c4 Ba4 16. Nb1 Rxd1 17. Rxd1 Nf7 18. f4 b6 19. Nc3 Bc6 20. Nd5 Bd8 21. Bxc5 bxc5 22. e6 Re8 23. Nxc5 Nd6 24. e7 Bxe7 25. Qxe7 Qxg2+ 26. Kxg2 Rxe7 27. Kf1 Re8 28. b3 a5 29. Re1 Ne4 0-1